01148ngm a2200253 a 450000500170000000800410001708200200005824500860007825000190016430000620018349000430024550000900028850501410037865000520051970000250057170000270059670000270062374000790065026400420072933600270077133700330079833800280083104000350085920220317001304.0160825s1998 ck g 000 0 spa d04a791.4361bM14le10aLegalizacióncdirección Oscar Adrián Arango y Viviam Unashvideograbación a1a. edición  a1 videocasete en VHS (54 minutos)bsonido, color c20 cm  aLa maletapdocumentales Colombianos, 1 aLa película pertenece a la colección La Maleta. Dirigida para un público adulto aLa pesca del Pirarucú [videocasete] / dirección Jorge Mario Alvarez -- Ciudad a tres bandas [videocasete] / dirección Oscar Molina142LEMBaCine documental colombianovVideocasetes 1 aUnas, Viviam Stella,1 aArango, Oscar Adrián1 aÁlvarez, Jorge Mario aLa pesca del Pirarucú [videocasete] aCiudad a tres bandas [videocasete] aBogotábMinisterio de Culturac1998 atextobtxt2rdacontent asin mediaciónbn2rdamedia avolumenbnc2rdacarrier aCO-BoRNBPbspaerdacCO-BoRNBP